000 00811cam a2200277 i 4500
001 27657
003 BD-RjUL
005 20211209051202.0
008 140325s1974 enk b 001 0 eng
020 _a0140217886 :
035 _a(BD-RjUL)27736
040 _aDLC
_cDLC
_dDLC
_beng
041 _aeng
082 0 0 _a956.94
_bGHH 1974
100 1 _aGhilan, Maxim.
_984952
245 1 0 _aHow Israel lost its soul /
_cMaxim Ghilan.
260 _aHarmondsworth :
_bPenguin,
_c1974.
300 _a290 p. ;
_c18 cm.
504 _aIncludes bibliographical references and index.
650 0 _aZionism.
_971861
651 0 _aIsrael
_xPolitics and government
_y1948-1967.
_984953
651 0 _aIsrael
_xPolitics and government
_y1967-1993.
_984954
942 _2ddc
_cBK
999 _c27657
_d27657